00819nam a2200265 a 4500001001300000003000900013005001700022008004100039020001000080082001300090100002800103245003500131260003800166300000900204500003500213505001000248650002600258650002500284700002800309902000800337942000700345952009300352952009300445999001500538nice12345678IN_TiNIC20260116012029.0050524s1941 laha grp 000 0 eng  ac10000a928bENA aEnan, Muhammad Abdullah aIbn Khaldun, His Life and Work aLahorebSh. Muhammad Ashrafc1941 a220p aincludes index and biblioraphy2 aIndex aBiography-Ibn Khaldun aBiography-Historians1 aEnan, Muhammad Abdullah bRBA cBK 00104070aHMIbHMId0000-00-00g100.00l0o928 ENAp00423r0000-00-00w2026-01-16yEB 00104070aHMIbHMId0000-00-00g100.00l0o928 ENAp09856r0000-00-00w2026-01-16yEB c5346d5346